Tạp chí kinh tế và quản lý = Economy and management review Số 27
Trong số này có các lý luận kinh tế và quản lý, thực tiễn kinh nghiệm, kinh doanh quốc tế, thông tin kinh tế và quản lý.
Gespeichert in:
| Format: | Buch |
|---|---|
| Sprache: | Vietnamese |
| Veröffentlicht: |
TP. Hồ Chí Minh
Viện Kinh tế. Học viện Chính trị Quốc gia Hồ Chí Minh
2018
|
| Schlagworte: | |
| Tags: |
Tag hinzufügen
Keine Tags, Fügen Sie den ersten Tag hinzu!
|
| Thư viện lưu trữ: | Thư viện Trường Đại học Nam Cần Thơ |
|---|
| LEADER | 01024nam a22002057a 4500 | ||
|---|---|---|---|
| 001 | NCT_97906 | ||
| 008 | 220310b xxu||||| |||| 00| 0 vie d | ||
| 999 | |c 4882 |d 4882 | ||
| 022 | |a 1859-4565 | ||
| 041 | |a vie | ||
| 082 | 0 | 4 | |2 23rd ed. |a 330 |b T109C |
| 245 | 0 | 0 | |a Tạp chí kinh tế và quản lý = |b Economy and management review |n Số 27 |c Viện Kinh tế. Học viện Chính trị Quốc gia Hồ Chí Minh |
| 260 | |a TP. Hồ Chí Minh |b Viện Kinh tế. Học viện Chính trị Quốc gia Hồ Chí Minh |c 2018 | ||
| 300 | |c 29 cm | ||
| 362 | |a 09/2018 | ||
| 520 | 3 | |a Trong số này có các lý luận kinh tế và quản lý, thực tiễn kinh nghiệm, kinh doanh quốc tế, thông tin kinh tế và quản lý. | |
| 655 | |a Tạp chí | ||
| 942 | |2 ddc |c CR | ||
| 952 | |0 0 |1 0 |2 ddc |4 0 |6 330_000000000000000_T109C |7 0 |9 22303 |a 000001 |b 000001 |d 2022-03-10 |o 330 T109C |r 2022-03-10 |w 2022-03-10 |y CR | ||
| 980 | |a Thư viện Trường Đại học Nam Cần Thơ | ||